A Tisza partján felépül az olajcentrum
Elmentve itt :
| Szerző: | |
|---|---|
| Dokumentumtípus: | Cikk |
| Megjelent: |
1970-02-15
|
| Sorozat: | Délmagyarország
60 No. 39 |
| Kulcsszavak: | Szepesvári Iván, Kőolaj- és földgáz kitermelés Szeged környéke 1970, Munkáslakásépítés terve Szeged 1970, olaj |
| Online Access: | http://dmarchiv.bibl.u-szeged.hu/64950 |
| LEADER | 00570nab a2200157 i 4500 | ||
|---|---|---|---|
| 001 | delm64950 | ||
| 005 | 20180927151246.0 | ||
| 008 | 180927s1970 hu o 0|| hun d | ||
| 040 | |a SZTE Délmagyarország Archívum |b hun | ||
| 041 | |a hun | ||
| 100 | 1 | |a Matkó István | |
| 245 | 1 | 2 | |a A Tisza partján felépül az olajcentrum |h [elektronikus dokumentum] / |c Matkó István |
| 260 | |c 1970-02-15 | ||
| 300 | |a 1 | ||
| 490 | 0 | |a Délmagyarország |v 60 No. 39 | |
| 695 | |a Szepesvári Iván, Kőolaj- és földgáz kitermelés Szeged környéke 1970, Munkáslakásépítés terve Szeged 1970, olaj | ||